000 00469nam a2200145Ia 4500
003 GCL
008 140319s9999 xx 000 0 ara d
040 _aGCL /
_cGCL
082 0 4 _a640
_bت م
100 1 _aتسبى محمد رشاد لطفى
245 1 0 _aمدخل فى الاقتصاد المنزلى /
_cتسبى محمد رشاد لطفى
700 1 _aايزيس عازر نوار
300 _a434 ص
490 _aالهيئة العامة للاستعلامات
_v0
999 _c49293
_d49293